The fundamentals of taxation/ (Record no. 11913)
[ view plain ]
| 000 -LEADER | |
|---|---|
| fixed length control field | 00733nam a22002777i 4500 |
| 003 - CONTROL NUMBER IDENTIFIER | |
| control field | URS |
| 005 - DATE AND TIME OF LATEST TRANSACTION | |
| control field | 20220117094930.0 |
| 008 - FIXED-LENGTH DATA ELEMENTS--GENERAL INFORMATION | |
| fixed length control field | 170712b xxu||||| |||| 00| 0 eng d |
| 040 00 - CATALOGING SOURCE | |
| Description conventions | rda |
| Transcribing agency | URSR |
| Language of cataloging | eng |
| 041 ## - LANGUAGE CODE | |
| Language code of text/sound track or separate title | eng |
| 042 ## - AUTHENTICATION CODE | |
| Authentication code | DMLUC |
| 050 00 - LIBRARY OF CONGRESS CALL NUMBER | |
| Classification number | KF 5624.6 |
| Item number | D3777 1993 |
| 100 1# - MAIN ENTRY--PERSONAL NAME | |
| Personal name | De Leon, Hector S., |
| Relator term | author |
| 245 10 - TITLE STATEMENT | |
| Title | The fundamentals of taxation/ |
| Statement of responsibility, etc. | Hector S. De Leon |
| 250 ## - EDITION STATEMENT | |
| Edition statement | 1993 ed. |
| 264 #1 - PRODUCTION, PUBLICATION, DISTRIBUTION, MANUFACTURE, AND COPYRIGHT NOTICE | |
| Place of production, publication, distribution, manufacture | Manila : |
| Name of producer, publisher, distributor, manufacturer | Rex Book Store, |
| Date of production, publication, distribution, manufacture, or copyright notice | [1993] |
| 264 #4 - PRODUCTION, PUBLICATION, DISTRIBUTION, MANUFACTURE, AND COPYRIGHT NOTICE | |
| Date of production, publication, distribution, manufacture, or copyright notice | ©1993 |
| 300 ## - PHYSICAL DESCRIPTION | |
| Extent | xxiii, 304 pages |
| Dimensions | 23 cm. |
| 336 ## - CONTENT TYPE | |
| Content type term | text |
| Content type code | txt |
| Source | rdacontent |
| 337 ## - MEDIA TYPE | |
| Media type term | unmediated |
| Media type code | n |
| Source | rdamedia |
| 338 ## - CARRIER TYPE | |
| Carrier type term | volume |
| Carrier type code | nc |
| Source | rdacarrier |
| 650 ## - SUBJECT ADDED ENTRY--TOPICAL TERM | |
| Topical term or geographic name entry element | Taxation |
| Geographic subdivision | Philippines. |
| 905 ## - LOCAL DATA ELEMENT E, LDE (RLIN) | |
| a | FI |
| 942 ## - ADDED ENTRY ELEMENTS (KOHA) | |
| Source of classification or shelving scheme | Library of Congress Classification |
| Koha item type | Filipiniana |
| Withdrawn status | Source of classification or shelving scheme | Damaged status | Not for loan | Home library | Current library | Shelving location | Date acquired | Total Checkouts | Full call number | Barcode | Date last seen | Price effective from | Koha item type |
|---|---|---|---|---|---|---|---|---|---|---|---|---|---|
| Library of Congress Classification | Rodriguez College Library | Rodriguez College Library | Reference | 07/12/2017 | KF 5624.6 D3777 1993 | URSROD-2235 | 07/12/2017 | 07/12/2017 | Filipiniana |